00307cam a22001097a 4500008004000000082001600040245006000056260002500116300000800141650003200149700001600181180718b1988 xxu||||| |||| 00| 0 eng d aT19x54 K141 aIndian economy since independencecedited by Uma Kapila aDelhibSynapsec1988 a2v. aIndia - Economic conditions aKapila, Uma